| 000 | 00358nam a2200145Ia 4500 | ||
|---|---|---|---|
| 008 | 230312s9999||||xx |||||||||||||| ||und|| | ||
| 020 | _a9780735684331 | ||
| 082 |
_a005.447 _bTUL-I |
||
| 100 | _aMatthews,Marty | ||
| 245 | 0 | _aWindows 7 for seniors | |
| 260 |
_bMicrosoft _aUSA _c2014 |
||
| 300 | _a665 | ||
| 650 |
_aComputer _vOperating Systems |
||
| 942 | _cBK | ||
| 999 |
_c16516 _d16516 |
||